|
|
|
|
| LEADER |
00000cam a2200000 7i4500 |
| 001 |
0000000426 |
| 005 |
20020312.0 |
| 020 |
0 |
0 |
|a 9839518070
|
| 090 |
0 |
0 |
|a 634.96180959
|b AIF 1997
|
| 110 |
1 |
0 |
|a AIFM International Conference
|k 1996
|j Kuala Lumpur
|
| 245 |
1 |
0 |
|a Transboundary Pollution and the Sustainability of Tropical Forests :
|b Towards Wise Forest Fire Management :
|b proceedings of the AIFM International Conference held at Kuala Lumpur, 2-4 December1996
|c editors Haron Abu Hassan ... [et. al.]
|
| 260 |
0 |
0 |
|a Kuala Lumpur :
|b ASEAN Institute of Forest Management ,
|c 1997
|
| 300 |
|
|
|a xii, 437 p. :
|b ill. ;
|c 24 cm.
|
| 500 |
0 |
0 |
|a Includes bibliographical references
|
| 650 |
0 |
0 |
|a Forest fires
|z Asia, Southeastern
|x Prevention and control
|x Congresses
|
| 700 |
0 |
1 |
|a Haron Abu Hassan ,
|c 1946-
|
| 710 |
1 |
1 |
|a ASEAN Institute of Forest Management (AIFM)
|
| 998 |
|
|
|a JPSM
|
| 999 |
|
|
|a 0000001554
|b Monograph
|c Open Shelf
|e Default branch
|
| 999 |
|
|
|a 0000002503
|b Monograph
|c Open Shelf
|e Default branch
|